Πώς και γιατί ζωγραφίζουν τα παιδιά
Αποθηκεύτηκε σε:
| Κύριος συγγραφέας: | |
|---|---|
| Μορφή: | Βιβλίο |
| Γλώσσα: | Greek |
| Δημοσίευση: |
Αθήνα :
Βιβλία για όλους,
1984
|
| Σειρά: | Η ζωγραφική στα σχολεία ;
; 2 |
| Θέματα: | |
| Ετικέτες: |
Προσθήκη ετικέτας
Δεν υπάρχουν, Καταχωρήστε ετικέτα πρώτοι!
|
MARC
| LEADER | 00000nam a2200000 i 4500 | ||
|---|---|---|---|
| 001 | 1/72038 | ||
| 008 | 960329s1984 gre d | ||
| 035 | |a 1988 |b 2 |c Αγορά/Καμπουροπούλου |l 10031126 | ||
| 040 | |a GR-MY-UA |b gre |e aacr | ||
| 041 | 0 | |a gre | |
| 082 | 0 | |a 707.1 | |
| 100 | 1 | |a Μουζάκης, Τάσος |d 1931- | |
| 245 | 1 | 0 | |a Πώς και γιατί ζωγραφίζουν τα παιδιά / |c Τάσος Μουζάκης |
| 260 | |a Αθήνα : |b Βιβλία για όλους, |c 1984 | ||
| 300 | |a 121 σ. | ||
| 490 | 1 | |a Η ζωγραφική στα σχολεία |v ; 2 | |
| 650 | 0 | 0 | |a Art |x Study and teaching (Primary) |
| 650 | 0 | 0 | |a Art |x Study and teaching (Secondary) |
| 650 | 0 | 0 | |a Children's art |z Greece. |
| 650 | 0 | 0 | |a Drawing, Psychology of. |
| 830 | 0 | |a Η ζωγραφική στα σχολεία ; |v ; 2 | |
| 852 | |a INST |b RHODES |e 19960329 |h 707.1 ΜΟΥ |p 005400003532 |q 005400003532 |t BK |y 0 | ||
| 909 | |a Ρ |b 011465 |c 1988 | ||